[Event "Capitan San Luis Memorial 3rd"]
[Site "Havana"]
[Date "2018.04.26"]
[Round "9"]
[White "Prieto Beltran, Benigno Hortensi"]
[Black "Castelliny Cordovi, Pedro Luis"]
[Result "1-0"]
[WhiteElo "1971"]
[BlackElo "2007"]
[PlyCount "61"]
[EventDate "2018.04.16"]
[EventType "swiss"]
[EventRounds "9"]
[EventCountry "CUB"]
[SourceTitle "EXT 2021"]
[Source "ChessBase"]
[SourceDate "2020.10.23"]
[SourceVersion "1"]
[SourceVersionDate "2020.10.23"]
[SourceQuality "1"]

1. e4 e5 2. f4 exf4 3. Nf3 d6 4. Bc4 Nc6 5. d4 Qe7 6. 0-0 g5 7. Nc3 h6 8. Nd5 Qd8 9. e5 dxe5 10. Re1 Be6 11. Nxe5 Nxe5 12. Rxe5 Bg7 13. Re1 Qd6 14. Nxc7+ Qxc7 15. Bb5+ Kd8 16. d5 Bd7 17. Bxd7 Qxd7 18. d6 Rc8 19. Bd2 Rc6 20. Bb4 Nf6 21. Re7 Qg4 22. Rxf7 Qxd1+ 23. Rxd1 Rg8 24. Rxb7 Bh8 25. d7 Nxd7 26. Rdxd7+ Kc8 27. c3 a6 28. Ra7 Be5 29. Re7 Bc7 30. Rexc7+ Rxc7 31. Ra8+ 1-0

[Event "Capitan San Luis Memorial 3rd"]
[Site "Havana"]
[Date "2018.04.16"]
[Round "1"]
[White "Prieto Beltran, Benigno Hortensi"]
[Black "Rodriguez Del Valle, Angel"]
[Result "1-0"]
[WhiteElo "1971"]
[BlackElo "1723"]
[PlyCount "64"]
[EventDate "2018.04.16"]
[EventType "swiss"]
[EventRounds "9"]
[EventCountry "CUB"]
[SourceTitle "EXT 2021"]
[Source "ChessBase"]
[SourceDate "2020.10.23"]
[SourceVersion "1"]
[SourceVersionDate "2020.10.23"]
[SourceQuality "1"]

1. e4 e6 2. d4 d5 3. Nc3 Nf6 4. Bg5 Be7 5. e5 Nfd7 6. Bxe7 Qxe7 7. Nf3 c5 8. Nb5 Nb6 9. Nd6+ Kd8 10. c3 c4 11. b3 f6 12. bxc4 Kc7 13. c5 N6d7 14. Bd3 a6 15. a4 Nc6 16. exf6 gxf6 17. 0-0 b6 18. Nxc8 Rhxc8 19. cxb6+ Nxb6 20. a5 Nd7 21. Re1 Nf8 22. c4 Rd8 23. cxd5 Rxd5 24. Be4 Rd6 25. Qc1 f5 26. Bxf5 Qf6 27. Be4 Nd7 28. Ne5 Ndb8 29. Qc5 Ra7 30. Bxc6 Nxc6 31. Nxc6 Rxc6 32. Qxa7+ Kd6 1-0